[Event "36th Zalakaros Festival 2017"]
[Site "Zalakaros"]
[Date "2017.05.22"]
[Round "5"]
[White "Gupta, Abhijeet"]
[Black "Kollars, Dmitrij"]
[Result "1/2-1/2"]
[WhiteElo "2626"]
[BlackElo "2503"]
[Annotator "TA"]
[PlyCount "88"]
[EventDate "2017.??.??"]
[EventType "swiss"]
[EventCountry "HUN"]
[SourceTitle "playchess.com"]
[Source "ChessBase"]
[SourceQuality "1"]

{[%evp 13,88,-14,12,-22,-18,-9,0,-6,0,0,12,6,14,7,10,7,11,0,11,-3,20,21,35,34,43,17,54,17,52,38,52,12,16,16,68,1,10,3,6,0,45,43,46,39,50,42,104,104,95,75,402,458,407,429,467,191,660,11,142,147,130,142,134,131,127,0,0,0,0,0,0,0,0,0,0,0,0]} 1. d4 d5 2. Bf4 Nf6 3. e3 c5 4. Nf3 Nc6 5. Nbd2 Qb6 6. dxc5 {D02: 1 d4 d5 2 Nf3 sidelines, including 2...Nf6 3 g3 and 2...Nf6 3 Bf4} Qxb2 7. Rb1 Qc3 {LiveBook: 19 Games} 8. Rb3 (8. Bb5 e6 9. O-O Be7 10. Ne5 Bd7 11. Nd3 O-O 12. Bc7 Ne8 {½-½ (38) Naiditsch,A (2702)-Buhmann,R (2633) Dresden 2017}) 8... Qxc5 9. Qb1 e6 $146 ({Predecessor:} 9... a6 10. Rxb7 g5 11. Nxg5 e5 12. Bg3 Rg8 13. Rxf7 {1-0 (83) Van de Peut,A (1384)-Becker,K (1902) LSS email 2009}) 10. Rxb7 Bd6 11. Rb5 Qa3 (11... Rb8 $5) 12. Rb3 Qc5 13. Bxd6 Qxd6 14. c4 O-O 15. cxd5 exd5 16. Bb5 d4 17. O-O {next Bxc6 is good for White.} dxe3 18. Ne4 Nxe4 19. Qxe4 e2 20. Bxe2 (20. Re1 {seems wilder.} Bb7 21. Bd3 f5 22. Qxe2 Na5 23. Rb5) 20... Bd7 21. Rd1 Qe6 $1 {[%cal Re6e4]} 22. Qc2 {Strongly threatening Re3.} (22. Bd3 $5 {[%cal Re4h7]} Qxe4 23. Bxe4 $16) 22... Rfd8 23. Bd3 g6 (23... h6 $11) 24. h4 (24. Qc3 $14 Qg4 25. h3) 24... Qf6 (24... Ne5 $5 {[%cal Re5f3]} 25. Be4 Rac8 $11) 25. Be4 {White wants to play Rxd7.} Rac8 26. Qb2 Qf4 27. Re3 Be6 28. Rxd8+ Nxd8 29. g3 Qb8 (29... Qd6 $14) 30. Qf6 $16 Qb6 31. h5 {Threatens to win with h6.} Bxa2 $2 {[%mdl 8192]} (31... Bd7 $16 32. Qh4 Ne6) 32. Qa1 $1 $18 Bc4 {[#]} 33. Bxg6 $1 {[%cal Re3e8][%mdl 512]} Ne6 (33... fxg6 34. Re8+) 34. Bf5 (34. h6 $142 fxg6 35. Rxe6 $1 {[%mdl 512]}) 34... Rc5 $2 (34... h6 35. Ng5 Rd8 36. Bh7+ Kf8) 35. Qf6 $2 (35. h6 $18 Kf8 36. Qh8+ Ke7 37. Qxh7) 35... Qd8 {[#]} (35... h6 $1 $11 {remains equal.}) 36. Bxh7+ $1 $16 {[%mdl 512]} Kxh7 37. Qxf7+ $40 {[%mdl 128] White goes for the king.} Kh8 {...Ng7 is the strong threat.} 38. Ne5 {[%cal Re5g6]} ({Much worse is} 38. Rxe6 $6 Bxe6 39. Qxe6 Rxh5 $11) 38... Ng7 {White must now prevent ...Qd1+.} 39. Nxc4 ({Only move:} 39. Qxc4 $1 $16 Qd1+ 40. Qf1 Qxf1+ 41. Kxf1) 39... Qd1+ $11 {The position is equal.} 40. Kg2 Rxh5 {[%csl Gh5][%cal Rd1h1]} 41. Re8+ Nxe8 42. Qxe8+ Kh7 {[%csl Gh5][%cal Rd1h1]} (42... Kg7 $5 43. Qe7+ $8 Kg8 44. Qe8+ Kh7 45. Qe7+ Kh8 46. Qe8+ Kh7 47. Qe7+ Kh8 48. Qe8+ $11) 43. Qf7+ Kh8 {[%csl Gh5][%cal Rd1h1]} 44. Qf8+ Kh7 {Precision: White = 56%, Black = 30%.} 1/2-1/2

[Event "36th Zalakaros Festival 2017"]
[Site "Zalakaros"]
[Date "2017.05.22"]
[Round "5"]
[White "Banusz, Tamas"]
[Black "Mihok, Oliver"]
[Result "1/2-1/2"]
[WhiteElo "2616"]
[BlackElo "2532"]
[Annotator "TA"]
[PlyCount "116"]
[EventDate "2017.??.??"]
[EventType "swiss"]
[EventCountry "HUN"]
[SourceTitle "playchess.com"]
[Source "ChessBase"]
[SourceQuality "1"]

{[%evp 20,116,51,27,45,34,45,36,45,27,27,22,52,25,49,49,47,45,49,47,67,16,13,17,20,8,35,42,93,85,91,89,82,72,73,37,92,104,83,100,119,0,0,0,0,0,0,0,0,0,0,0,0,0,0,0,0,0,0,-10,0,0,0,0,0,0,0,0,0,0,0,0,0,-31,-38,-98,-82,-135,-116,-100,0,0,-12,-82,-41,-49,-34,-34,-34,-40,-33,-35,-8,-8,-8,-8,0,0,0]} 1. c4 c5 2. Nf3 Nc6 3. d4 cxd4 4. Nxd4 Qb6 5. Nb3 e6 6. a3 Nf6 7. Nc3 Be7 {A31: Symmetrical English: 2 Nf3 Nf6 3 d4} 8. e4 O-O 9. Be2 Qc7 10. Be3 b6 11. Rc1 {LiveBook: 3 Games} Bb7 12. f4 d6 13. O-O Rac8 14. Bf3 Qb8 15. Nd2 $146 ({Predecessor:} 15. Qe2 Nd7 16. Nd2 {½-½ (58) Gorovets,A (2467)-Matlakov,M (2676) St Petersburg 2013}) 15... Na5 16. Be2 Rfd8 17. b4 Nc6 18. Bf3 Bf8 19. Qe2 Ne7 20. Nb3 ({Better is} 20. g4 $14) 20... Ba6 $1 $11 {[%cal Ra6c4]} 21. b5 Bb7 22. Bf2 Ng6 23. g3 Qa8 (23... Qc7 $14) 24. a4 $36 {[%mdl 2048] White is really pushing.} d5 25. cxd5 exd5 26. e5 Ne4 27. Bd4 Nxc3 (27... Ba3 $14) 28. Rxc3 Rxc3 29. Bxc3 d4 30. Bd2 ({Weaker is} 30. Nxd4 Bc5 $17) (30. Bxd4 $16 Ne7 31. Bxb7 Qxb7 32. Bf2) 30... d3 $11 31. Qg2 Bxf3 32. Qxf3 Qc8 $1 {[%cal Rc8c4]} 33. Rc1 Qf5 34. Kg2 h5 35. Rc4 Qe6 36. Rc3 {Strongly threatening f5.} Qf5 37. Rc4 Qe6 38. Rc3 Qf5 39. Rc6 Ne7 40. Rd6 Rxd6 41. exd6 Nc8 $1 42. Nd4 Qd7 43. Qxh5 Nxd6 {aiming for ...Nc4.} 44. Qd5 Qe8 45. Kf3 Qc8 {...Nc4 is the strong threat.} 46. f5 Nc4 47. Bf4 (47. Nb3 $1 $15) 47... d2 $17 48. Ke2 (48. Nc6 $142) 48... Qe8+ 49. Ne6 {[#]} Nb2 ({But not} 49... fxe6 $6 50. Qxc4 Qh5+ 51. Kxd2 $11) ({Black should play} 49... g5 $1 $17 50. Qc6 Qxc6 51. bxc6 gxf4 52. Nxf4 {[#]} Ne3 $1 {[%mdl 512]} 53. Kxd2 Nxf5) 50. Kxd2 $11 fxe6 51. Qb3 (51. fxe6 $11 {remains equal.} Be7 52. Qb3) 51... Nxa4 52. Qxa4 Qd7+ 53. Ke2 exf5 54. Qc4+ Kh7 55. Be3 Qe8 56. Qh4+ {The position is equal.} Kg8 {White must now prevent ...Bc5.} 57. Qc4+ Kh7 {And now ...Bc5 would win.} 58. Qh4+ Kg8 {Precision: White = 57%, Black = 64%.} (58... Kg6 $5 59. Qg5+ $8 Kh7 60. Qxf5+ g6 $11) 1/2-1/2

[Event "36th Zalakaros Festival 2017"]
[Site "Zalakaros"]
[Date "2017.05.22"]
[Round "5"]
[White "Erdos, Viktor"]
[Black "Antal, Gergely"]
[Result "1/2-1/2"]
[WhiteElo "2614"]
[BlackElo "2517"]
[Annotator "TA"]
[PlyCount "151"]
[EventDate "2017.??.??"]
[EventType "swiss"]
[EventCountry "HUN"]
[SourceTitle "playchess.com"]
[Source "ChessBase"]
[SourceQuality "1"]

{[%evp 14,150,51,29,23,14,16,7,33,34,35,35,35,33,39,37,64,55,63,59,60,52,95,99,102,82,106,106,123,125,143,81,125,103,82,53,137,122,111,105,197,209,198,126,161,154,104,102,135,71,207,205,302,285,309,309,347,132,146,142,123,144,136,136,155,158,132,59,47,10,10,10,10,10,31,10,16,8,8,8,8,8,8,8,8,0,0,0,8,8,8,8,8,8,8,8,8,8,8,8,8,8,8,8,8,8,8,8,8,8,8,8,8,8,8,8,8,8,8,8,8,8,8,8,8,0,0,0,0,0,0,0,0,0,0,0,0,0,0]} 1. c4 c5 2. Nc3 Nf6 3. e3 d5 4. cxd5 Nxd5 5. Nf3 Nxc3 6. bxc3 g6 7. Bb5+ Nd7 8. Ba3 {LiveBook: 7 Games. A34: Symmetrical English: 2 Nc3, lines with ...d5} e6 $146 ({Predecessor:} 8... a6 9. Bxd7+ Bxd7 10. Bxc5 Qc7 11. Ba3 Bb5 12. Rc1 Qc4 13. Nd4 Ba4 14. Qf3 Qxa2 15. Qxb7 Rd8 {½-½ (73) Grandelius,N (2641)-Fier,A (2634) Baku 2016}) 9. Rb1 Be7 10. d4 {Threatening Bxc5.} cxd4 11. Bxe7 Qxe7 12. cxd4 O-O 13. O-O Nb6 14. Qc1 Nd5 15. e4 $36 {[%mdl 2048] White has some pressure.} Nc7 16. Bd3 b6 17. h4 {[%cal Bh2h4,Bh4h5][%mdl 32]} Ba6 18. Bxa6 Nxa6 19. h5 Rfc8 20. Qh6 Qf8 21. Qf4 Qe7 22. Rb5 (22. Ne5 $142) 22... Nc7 23. Rg5 {[%cal Bb5g5,Bg5g3,Bg3f3][%mdl 32]} Ne8 24. Rg3 (24. Ne5 {with more complications.} Rc7 25. hxg6 fxg6 26. Ng4 Kh8 27. Qe5+) 24... Qf6 (24... Nf6 $14) 25. Qh6 Qg7 26. Qe3 Rc2 (26... Nf6 $16 {keeps fighting.}) 27. hxg6 hxg6 28. Ne5 ({White should play} 28. Ng5 $18) 28... Rac8 29. Rf3 R8c7 30. a4 Nf6 31. Re1 (31. Rd1 $142 $1) 31... Ne8 {[#]} (31... g5 $16) 32. Qg5 $1 $18 f6 (32... a6 $142 33. Qd8 Rc8 34. Qxb6 Rc1) 33. Qg4 ({Weaker is} 33. Qxg6 Qxg6 34. Nxg6 Rc1 $11) 33... f5 34. exf5 exf5 35. Qxg6 $2 (35. Qg5 $18 {is more deadly.} Re7 36. Rg3) 35... Qxg6 $16 36. Nxg6 Rc1 37. Rxc1 Rxc1+ {[%mdl 4096] Endgame KRN-KRN} 38. Kh2 Nd6 {[#]} 39. Ne7+ $1 Kg7 40. a5 (40. Nxf5+ $16 Nxf5 41. Rxf5) 40... Kf6 $1 $14 {[%cal Rf6e7]} 41. Nxf5 Nxf5 {KRN-KR} 42. g4 Kg5 43. gxf5 $11 {KR-KR} Kf6 44. axb6 axb6 {The position is equal.} 45. Rb3 Kxf5 46. Rxb6 Ke4 47. Rd6 {Black should prevent Rd8.} Kf3 48. Rf6+ Ke4 49. Re6+ Kf3 50. Rf6+ Ke4 51. Kg3 Rg1+ $1 52. Kh4 Kxd4 53. Re6 {Strongly threatening f4.} Kd5 $1 {[%cal Rd5e6]} 54. Re3 {Threatens to win with f4.} (54. Re8 {keeps more tension.} Rf1 55. Kg3 Rg1+ 56. Kf4 Rg7 57. Re5+) 54... Rg8 55. f4 Rf8 56. Kg5 {And now f5 would win.} Rg8+ 57. Kh5 Rf8 $1 58. Re5+ Kd6 $1 59. Kg4 Rg8+ 60. Rg5 Rf8 61. Rg6+ Ke7 62. Kg5 {White wants to play Rh6.} Ra8 63. Rf6 Ra1 64. Kf5 Rb1 65. Ra6 Kf7 66. Ra7+ Kf8 67. Kg5 (67. Kf6 {feels hotter.} Rb6+ 68. Kg5 Rc6 69. f5 Rd6 70. Rb7) 67... Rb6 68. Rh7 Ra6 69. Rh6 Rxh6 70. Kxh6 {White threatens Kg6 and mate. KP-K} Kf7 71. Kg5 {Intending Kf5 and mate.} Kg7 72. f5 {[%cal Bf4f5,Bf5f6,Bf6f7][%mdl 32]} Kf7 73. f6 $1 Kf8 74. Kg6 {Threatening mate with f7.} Kg8 75. f7+ Kf8 76. Kf6 $2 {[%mdl 8192] Precision: White = 62%, Black = 58%.} (76. Kf5 Kxf7) 1/2-1/2

[Event "36th Zalakaros Festival 2017"]
[Site "Zalakaros"]
[Date "2017.05.22"]
[Round "5"]
[White "Vajda, Levente"]
[Black "Shvayger, Yuliya"]
[Result "1/2-1/2"]
[WhiteElo "2600"]
[BlackElo "2423"]
[Annotator "TA"]
[PlyCount "94"]
[EventDate "2017.??.??"]
[EventType "swiss"]
[EventCountry "HUN"]
[SourceTitle "playchess.com"]
[Source "ChessBase"]
[SourceQuality "1"]

{[%evp 9,94,1,0,-23,0,-22,6,-18,3,-5,1,-13,-3,-29,-26,-28,-19,-42,-26,-28,-29,-30,-22,-15,-20,-24,-27,-31,-20,-14,-11,-8,0,-20,-26,-25,0,0,0,-8,27,25,46,26,31,31,56,52,66,52,80,80,108,105,103,43,42,0,53,0,0,0,0,0,0,-77,-83,-140,-191,-181,-34,-34,-34,-34,-34,-34,-35,-37,-64,-179,-11,0,0,-134,-40,-85,0]} 1. Nf3 d5 2. g3 g6 3. Bg2 Bg7 4. O-O e5 5. d3 Ne7 {LiveBook: 458 Games} 6. a4 {A07: Réti Opening: New York and Capablanca Systems} (6. e4 O-O 7. exd5 Nxd5 8. Re1 Nc6 9. Nc3 Nde7 10. Rb1 a5 11. a3 Nf5 12. b4 axb4 13. axb4 Nfd4 14. Nd2 Be6 15. b5 Na5 16. Nde4 Qc8 17. Bg5 {½-½ (48) Ding,L (2760)-Hammer,J (2628) Sharjah 2017}) 6... O-O $146 ({Predecessor:} 6... c6 7. a5 Na6 8. c3 O-O 9. b4 f5 10. Qb3 Kh8 11. Ba3 Nc7 12. Nbd2 Be6 13. Qc2 Nb5 {1-0 (51) Oreskovic,P (2117)-Oberman,H Osijek 2010}) 7. c3 Nbc6 8. a5 {The position is equal.} a6 9. e4 d4 10. h3 h6 11. Qa4 dxc3 12. Nxc3 Be6 13. Rd1 Qd7 14. Kh2 Rfd8 15. Be3 Nd4 16. Bxd4 exd4 17. Qxd7 Bxd7 18. Ne2 Bb5 19. Nf4 g5 20. Nh5 Nc6 21. Nxg7 (21. Ne1 {is more complex.} Rac8 22. Bf3 Ne5 23. Bg2 c5 24. f4) 21... Kxg7 22. Ne1 f6 23. f4 Nb4 24. Bf3 c6 25. Rac1 Rac8 26. Rc5 Kf7 27. Rd2 Kg6 28. Bd1 Re8 29. h4 Rh8 30. Bb3 Rce8 31. Kh3 Rhf8 32. hxg5 (32. Bc4 $16) 32... hxg5 $14 33. fxg5 f5 (33... Re5 $11 34. Rxe5 fxe5) 34. Ng2 (34. Rxf5 $14 Rxf5 35. exf5+ Kxf5 36. Rf2+ Kxg5 37. Nf3+ Kh6 38. Nxd4) 34... fxe4 $11 35. Nh4+ Kg7 $1 36. dxe4 $1 Rxe4 37. g6 {[#]} (37. Nf5+ $11 {remains equal.} Kg6 38. Nh4+ (38. Nxd4 $2 Nd3 $19) 38... Kg7 39. Nf5+ Kg6 40. Nh4+ (40. Nxd4 $2 Nd3 $19) 40... Kg7) 37... Be2 $1 $17 38. Rxe2 (38. Bf7 $142 Bg4+ 39. Kg2) 38... Rxe2 39. Rh5 {[#]} Nd5 ({Better is} 39... Rh8 $1 $19 {[%cal Rh8h5]} 40. Nf5+ Kxg6 41. Rxh8 Kxf5 42. g4+ Kf6 43. Rf8+ Kg7 44. Rg8+ Kf6 45. Rf8+ Kg7 46. Rg8+ Kf6 47. Rf8+) 40. Bxd5 $15 cxd5 41. Rxd5 Rxb2 {And now ...Rb4 would win.} 42. Rxd4 {[%mdl 4096] Endgame KRR-KRN} Rb5 {Strongly threatening ...Kh6.} 43. Rd7+ Kf6 {Hoping for ...Kg5.} 44. Rc7 ({White must play} 44. Kg4 $1 $15) 44... Ke6 $2 (44... Re8 $19 {...Re7 is the strong threat.} 45. Rf7+ Kg5) 45. Kg4 $11 Kf6 (45... Rd8 $11) 46. Kh3 $1 $17 Rb3 ({Black should try} 46... Kg5 $17 {White must now prevent ...Rb8.} 47. Rf7 Rb8) 47. Kg4 Rb5 {Precision: White = 45%, Black = 36%.} (47... Rb4+ $17 48. Kh3 Rb5) 1/2-1/2

[Event "36th Zalakaros Festival 2017"]
[Site "Zalakaros"]
[Date "2017.05.22"]
[Round "5"]
[White "Papp, Gabor"]
[Black "Praggnanandhaa R"]
[Result "1-0"]
[WhiteElo "2592"]
[BlackElo "2471"]
[Annotator "TA"]
[PlyCount "119"]
[EventDate "2017.??.??"]
[EventType "swiss"]
[EventCountry "HUN"]
[SourceTitle "playchess.com"]
[Source "ChessBase"]
[SourceQuality "1"]

{[%evp 16,119,32,33,24,26,48,40,46,44,44,50,47,44,52,51,52,52,52,39,50,37,67,61,61,60,61,61,70,70,70,71,102,102,102,102,102,102,102,102,102,102,102,102,102,102,94,94,170,170,170,170,170,109,259,259,259,259,321,272,256,245,231,227,219,205,205,190,200,141,146,0,0,0,199,240,223,197,1495,479,1541,1330,1467,1480,1269,1268,12836,12342,6006,5546,29949,29958,29961,29961,29947,10130,29969,29970,29970,29971,29970,29971,29972,29971,29973,29974]} 1. Nf3 Nf6 2. c4 e6 3. d4 d5 4. g3 Bb4+ 5. Bd2 Bd6 6. Bg2 c6 7. b3 Nbd7 8. Nc3 O-O 9. O-O Qe7 {E01: Catalan: Early deviations} (9... h6 10. Qc2 Re8 11. Rad1 Qe7 12. e4 dxe4 13. Nxe4 Nxe4 14. Qxe4 e5 15. Bc3 Nf6 16. Qc2 e4 17. Rde1 {1-0 (69) Melkumyan,H (2653)-Neiksans,A (2624) Germany 2017}) 10. Qc2 b6 11. e4 Nxe4 {White is slightly better.} 12. Nxe4 dxe4 13. Qxe4 Bb7 14. Rfe1 {[%cal Bf1e1,Be1e2,Be2d2][%mdl 32]} Rfe8 $146 ({Predecessor:} 14... Rad8 15. Rad1 h6 16. Ne5 Nxe5 17. dxe5 {1-0 (40) Krassowizkij,J (2384)-Krivonosov,O (2453) Germany 2013}) 15. Rad1 Qf8 16. Bc3 Rad8 17. Qc2 (17. Re2 {looks sharper.} Bb4 18. Bxb4 Qxb4 19. Qf4 Qe7 20. Rd3) 17... h6 18. Re2 Bb4 19. Bxb4 Qxb4 20. Ne5 $36 {[%mdl 2048] Black is under pressure.} Nxe5 21. dxe5 Qc5 22. Rxd8 Rxd8 23. Rd2 $1 {[%cal Rd2d8]} Qe7 24. Qd1 Rxd2 25. Qxd2 Kf8 26. b4 Ke8 27. Qd6 $1 {[%cal Rd6b8]} Qxd6 28. exd6 $16 {[%mdl 4096] Endgame KB-KB} Kd7 29. c5 Ba6 30. Be4 Bc4 31. a3 b5 (31... bxc5 $16 {is a better defense.} 32. bxc5 Bd5) 32. f4 $18 Bd5 33. Bd3 f6 34. Bg6 e5 (34... Bf3 $16) 35. fxe5 fxe5 36. Kf2 Ke6 37. Bc2 Kf6 38. Bf5 Kf7 (38... Kxf5 $2 39. d7 $18) 39. Bd7 Kf6 40. Ke3 Kf7 41. Kd3 Kf6 42. Kc3 Kf7 43. a4 ({White should try} 43. Kb2 $16) 43... bxa4 $11 44. b5 {Hoping for b6.} cxb5 $2 (44... a3 $1 $11 {and Black has nothing to worry.} 45. b6 (45. Bxc6 $2 Bxc6 46. bxc6 Ke6 $19) (45. bxc6 Be6 $19) 45... axb6 46. cxb6 c5) 45. Bxb5 $18 Ke6 {[#]} 46. Kb4 $1 ({Don't play} 46. Bxa4 $6 a5 $16) 46... Bb3 $2 {[#]} (46... e4) 47. d7 $1 Ke7 {intending ...a6.} 48. c6 {c7 would kill now.} Be6 49. Bxa4 e4 50. Kc3 a5 51. Kd4 Bf5 52. Bc2 Bh3 53. Bxe4 a4 54. Kc3 a3 55. Kb3 Bxd7 56. cxd7 {White mates.} Kxd7 57. h4 {[%cal Bh2h4,Bh4h5][%mdl 32]} Ke6 58. h5 Kf6 59. g4 Kg5 60. Bf5 {Precision: White = 85%, Black = 45%.} 1-0

[Event "36th Zalakaros Festival 2017"]
[Site "Zalakaros"]
[Date "2017.05.22"]
[Round "5"]
[White "Stupak, Kirill"]
[Black "Secheres, Adrian-Simion"]
[Result "1-0"]
[WhiteElo "2560"]
[BlackElo "2309"]
[Annotator "TA"]
[PlyCount "65"]
[EventDate "2017.??.??"]
[EventType "swiss"]
[EventCountry "HUN"]
[SourceTitle "playchess.com"]
[Source "ChessBase"]
[SourceQuality "1"]

{[%evp 9,65,10,14,15,13,5,14,0,6,0,13,6,25,27,22,0,0,0,0,0,23,26,7,11,6,0,43,0,102,77,204,213,207,211,212,208,207,197,207,209,207,206,210,207,330,330,366,360,410,420,417,410,387,283,439,450,381,145]} 1. d4 Nf6 2. g3 c5 3. d5 b5 {[#]} 4. c4 $1 {[%mdl 512]} bxc4 5. Nc3 d6 6. e4 {A57: Benko/Volga Gambit} (6. Nf3 g6 7. Nd2 Bg7 8. Nxc4 O-O 9. Bg2 Ba6 10. Qa4 Qd7 11. Qxd7 Nbxd7 12. Na5 {1-0 (30) Stupak,K (2562)-Fedorov,A (2576) Minsk 2017}) 6... g6 7. Bxc4 Bg7 8. Nf3 {The position is equal.} O-O $146 ({Predecessor:} 8... Nbd7 9. O-O O-O 10. Re1 Nb6 11. Bf1 Nfd7 12. Bf4 {0-1 (25) Tulupov,M (1709)-Konjkov,V (1952) Novosibirsk 2009}) 9. O-O Bg4 10. Re1 Nfd7 11. Be2 Qb6 12. Qc2 (12. h3 $5 Bxf3 13. Bxf3 $11) 12... Na6 13. Be3 Rab8 14. Rab1 Rfc8 15. Kg2 Qb7 16. Qd2 Bxf3+ 17. Bxf3 Qb4 18. Be2 (18. Bg4 $5 {[%cal Rg4d7]} Rc7 19. a3 $14) 18... Rb6 (18... Bxc3 $11 {keeps the balance.} 19. Qxc3 (19. bxc3 Qxe4+ 20. f3 Qa4 $11) 19... Nc7) 19. Qc2 $1 $36 {[%mdl 2048] Threatens to win with Na4. Black is under strong pressure.} Qa5 {[#]} (19... Bxc3 $16 {might work better.} 20. bxc3 Qa5) 20. Qa4 $1 $18 {[%cal Ra4a5]} Qxa4 21. Nxa4 Nb4 22. Nxb6 axb6 23. Bg4 Rc7 24. Bxd7 Rxd7 25. a3 Nd3 {[#]} 26. Re2 $1 b5 (26... f5 {is a better defense.} 27. exf5 gxf5) 27. Rd2 c4 28. b3 h5 29. bxc4 bxc4 30. Rb8+ Kh7 31. Rc8 Ne1+ (31... Nb2 $142 32. Rxb2 Bxb2) 32. Kf1 Nf3 33. Rxc4 $2 {Precision: White = 78%, Black = 43%.} (33. Ra2 $18) 1-0

[Event "36th Zalakaros Festival 2017"]
[Site "Zalakaros"]
[Date "2017.05.22"]
[Round "5"]
[White "Aczel, Gergely"]
[Black "Risting, Eivind Olav"]
[Result "1-0"]
[WhiteElo "2546"]
[BlackElo "2297"]
[Annotator "TA"]
[PlyCount "91"]
[EventDate "2017.??.??"]
[EventType "swiss"]
[EventCountry "HUN"]
[SourceTitle "playchess.com"]
[Source "ChessBase"]
[SourceQuality "1"]

{[%evp 17,91,17,24,27,16,-10,-18,-35,-22,-21,-27,-34,-15,-75,0,0,37,3,10,0,0,-33,37,38,38,0,48,22,21,23,27,-6,-6,-14,-25,-24,0,0,0,0,0,0,3,29,13,15,18,0,0,0,0,0,0,0,0,0,0,0,244,211,5097,5097,5081,0,5106,2208,2074,2023,29987,29982,29981,29982,29987,29988,29988,29989]} 1. d4 Nf6 2. c4 e6 3. Nc3 Bb4 4. e3 b6 5. Nf3 Bb7 6. Bd2 O-O 7. Bd3 c5 8. a3 Bxc3 9. Bxc3 cxd4 {LiveBook: 3 Games. E43: Nimzo-Indian: Rubinstein: 4...b6} (9... d6 10. dxc5 bxc5 11. Qc2 Nbd7 12. Rd1 Qe7 13. O-O a5 14. e4 e5 15. Nh4 g6 16. g3 Nb8 17. f4 {0-1 (58) Vocaturo,D (2582)-Vitiugov,N (2737) Caleta 2014}) 10. exd4 d5 11. c5 Ne4 {The position is equal.} 12. Qc2 $146 ({Predecessor:} 12. Bxe4 dxe4 13. Ne5 Ba6 14. b4 f6 15. Ng4 Nc6 16. a4 Bd3 17. f3 Nxd4 {0-1 (36) Al Qauasmi,S-Kaiumov,D (2460) Doha 2002}) 12... bxc5 13. dxc5 Nxc3 14. Qxc3 ({Much weaker is} 14. Bxh7+ Kh8 $17) 14... e5 15. O-O-O (15. Nxe5 $11 d4 16. Qc2) 15... Nc6 (15... Nd7 $1 $17 {Threatens to win with ...e4.} 16. Kb1 Qc7) 16. Rhe1 Re8 17. Kb1 {[%cal Rf3e5]} Qf6 (17... Qc7 $5 {[%cal Re5e4]} 18. Bb5 Rad8 $11) 18. Bc2 Rad8 $1 19. Ka1 Qf4 (19... Re7 $15) 20. Qe3 $14 Qf6 21. h4 e4 22. Nd4 $1 Nxd4 23. Qxd4 Qxh4 24. f3 {White wants to play Ba4.} Bc6 25. Ba4 Bxa4 26. Qxa4 Qf2 27. fxe4 Qxc5 {White must now prevent ...d4.} 28. exd5 Rxe1 29. Rxe1 $11 {[%mdl 4096] Endgame KQR-KQR} h5 30. Re8+ Rxe8 31. Qxe8+ {KQ-KQ} Kh7 32. Qe4+ (32. Qxf7 {feels hotter.} Qc1+ 33. Ka2 Qc4+ 34. Kb1 Qd3+ 35. Ka1) 32... Kg8 33. Ka2 g6 34. Qd3 Qd6 35. b4 Kf8 36. Kb3 h4 37. Qd4 Qg3+ $2 (37... g5 $11 {and Black has nothing to worry.}) 38. Ka4 $1 $18 {aiming for d6.} Qxg2 $2 {[#]} (38... Ke8) 39. d6 $1 {[%cal Rd4h8,Bd5d6,Bd6d7][%mdl 32]} Qc2+ {[#]} 40. Kb5 $2 (40. Ka5 $1 $18 {[%cal Rd4h8]} Kg8 41. Qxh4) 40... Qe2+ $2 {[%mdl 8192]} (40... Qf5+ $11 41. Ka6 Ke8) 41. Kc6 {[%cal Rd4h8]} Qc2+ 42. Kb7 {[%cal Rd4h8]} Qg2+ 43. Kb8 {[%cal Rd4h8] White mates.} Kg8 44. d7 Qh2+ 45. Kb7 Qg2+ 46. Kxa7 {Precision: White = 49%, Black = 60%.} 1-0

[Event "36th Zalakaros Festival 2017"]
[Site "Zalakaros"]
[Date "2017.05.22"]
[Round "5"]
[White "Sanal, Vahap"]
[Black "Nisipeanu, Liviu-Dieter"]
[Result "1/2-1/2"]
[WhiteElo "2533"]
[BlackElo "2686"]
[Annotator "TA"]
[PlyCount "88"]
[EventDate "2017.??.??"]
[EventType "swiss"]
[EventCountry "HUN"]
[SourceTitle "playchess.com"]
[Source "ChessBase"]
[SourceQuality "1"]

{[%evp 25,88,34,34,-35,19,12,5,9,14,7,28,27,26,11,6,0,17,10,4,0,8,6,6,11,3,12,9,14,10,0,38,0,0,0,-15,-12,-15,-19,-13,-63,-64,-60,18,30,26,2,12,0,0,0,0,0,0,0,0,0,0,0,0,0,0,0,0,0,0]} 1. Nf3 d5 2. g3 Nf6 3. Bg2 e6 4. c4 Be7 5. b3 O-O 6. O-O b6 7. Bb2 Bb7 8. cxd5 Nxd5 9. d4 Nd7 10. Re1 N5f6 11. Nc3 c5 12. e4 cxd4 {A14: English Opening: 1...e6 with b3 by White} 13. Nxd4 Bc5 {LiveBook: 5 Games} (13... Ne5 14. Qe2 Bc5 15. Red1 Qe7 16. Na4 Bxd4 17. Bxd4 Nc6 18. Be3 Rfd8 19. Nc3 Qb4 20. Qb2 {1-0 (45) So,W (2822)-Onischuk,A (2667) Saint Louis 2017}) 14. a3 (14. Re2 $14) 14... Ne5 $146 ({Black should play} 14... Bxd4 $1 $15 15. Qxd4 Nc5) ({Predecessor:} 14... Bxd4 15. Qxd4 Nc5 16. Qe3 Nxb3 17. Rad1 Qe7 18. Nb5 Nc5 19. Nd6 Rad8 20. e5 {1-0 (36) Bologan,V (2654)-Kashlinskaya,A (2448) Doha 2015}) 15. Na4 $11 Bxd4 16. Bxd4 Nc6 17. Bb2 {[%cal Bd4b2,Bb2c1,Bc1f4][%mdl 32]} Qxd1 18. Raxd1 Na5 19. b4 Nc4 20. Bc1 Rac8 21. f3 h6 22. Kf2 Rc7 23. Bf1 Rfc8 24. h4 h5 25. Bf4 e5 26. Bc1 Bc6 27. Nc3 Be8 28. a4 Na3 29. Nd5 Rc2+ 30. Kg1 Nxd5 31. exd5 Nc4 32. Bd3 (32. a5 $5) 32... Bxa4 {[#] Strongly threatening ...Rc3.} 33. Bf5 Nd6 (33... Ra8 $15 34. Bg5 Rb2) 34. Bxc8 Rxc8 35. Rd3 $36 {[%mdl 2048] White is more active.} Bd7 {The position is equal.} 36. Ra3 Nb5 37. Ra2 f6 38. Kf2 Rc4 39. Rb2 Kf7 40. f4 e4 41. Be3 Rc3 42. Bd2 Rc4 43. Be3 Rc3 44. Bd2 Rc4 {Precision: White = 67%, Black = 70%.} 1/2-1/2